Tecnologia 9 /
Guardado en:
| Autor Principal: | |
|---|---|
| Otros Autores: | , , |
| Formato: | Libro |
| Publicado: |
Buenos Aires :
Santillana,
1997
|
| Materias: | |
| Etiquetas: |
Agregar Etiqueta
Sin Etiquetas, Sea el primero en etiquetar este registro!
|
| LEADER | 00963nam a22002295a 4500 | ||
|---|---|---|---|
| 001 | CEM.cems010136 | ||
| 005 | 20080605114106.0 | ||
| 008 | 130507s1997##################000#0#####d | ||
| 003 | CEMS | ||
| 020 | |a 9504605044 | ||
| 082 | 0 | 4 | |a 602 |
| 100 | 1 | |a Fernández, Eduardo M. | |
| 245 | 1 | 0 | |a Tecnologia 9 / |c Eduardo M. Fernández ... [et Al.] |
| 260 | |a Buenos Aires : |b Santillana, |c 1997 | ||
| 300 | |a 144 p. | ||
| 505 | 0 | |a Técnicas. procesos y productos -- Materiales, máquinas y herramientas -- Tecnología e industria -- La generación de energía -- Sistemas electrónicos -- Sistemas de control automático -- Informática, robótica e inteligencia artificial -- Biotecnología -- Las organizaciones humanas, la comunicación y las empresas | |
| 653 | |a Tecnología | ||
| 653 | |a Tecnología-egb | ||
| 700 | 1 | |a Franco, Ricardo | |
| 700 | 1 | |a Grau, Jorge E. | |
| 700 | 1 | |a Marabotto, María Irma | |
| 859 | |a CEMS |b BIB. CEMS - 11 de abril |h 602 |i F391 |p 20614.99 |t Ej.1 |v 9º |3 9º | ||
